000 00334nam a22001457a 4500
008 221014b ||||| |||| 00| 0 eng d
020 _a9780323082020
041 _aeng
080 _210TH
_a610.73
082 _a610.73
100 _a5
101 _aMJEK
245 _aFUNDAMENTALS OF RESPIRATORY CARE
_cWEHRMAN S
942 _2udc
_cBK
999 _c58566
_d58566